| 000 | 00616nam a2200217 a 4500 | ||
|---|---|---|---|
| 999 |
_c5257 _d5257 |
||
| 001 | 5257 | ||
| 003 | BD-JhCC | ||
| 005 | 20171211175109.0 | ||
| 008 | 171211s1993 bg ||||| |||| 00| 0 eng d | ||
| 035 | _a(BD-JhCC)5257 | ||
| 040 |
_aBD-JhCC _dBD-JhCC |
||
| 041 | _aeng | ||
| 082 |
_a338.64209549 _bREZ 1992 |
||
| 100 | _aReza, Sadrel | ||
| 245 |
_aSmall and medium scale enterprises in industrial development the bangladesh experience / _cSadrel Reza |
||
| 260 |
_aDhaka : _bAcademic Publishers, _c1992. |
||
| 300 |
_a214 p. : _c22 cm. |
||
| 650 |
_aSmall busiess _zBangladesh |
||
| 942 |
_2ddc _cBK |
||